El futuro del oro /

Guardado en:
Autor Principal: Einzig, Paul.
Formato: Libro
Idioma:Spanish
Etiquetas: Agregar Etiqueta
Sin Etiquetas, Sea el primero en etiquetar este registro!
LEADER 00417nam a22001335a 4500
001 EUN.um062139
003 AR-BaUNS
005 20050623122928.0
008 041125b########xx############000#0#spa#d
245 1 3 |a El futuro del oro /  |c Paul Einzig. Traducción por O. Nora Jouandon. 
300 |a 156 p. 
100 1 |a Einzig, Paul. 
082 0 4 |a 332.42 
859 |a Ar-BaUNS  |b BIB. CENTRAL - Sector A - Lopez Frances  |h 332.42  |i Ei68-1  |p D1100/965  |v L.F. 774